000
00308nam a2200133Ia 4500
008
240624s9999 xx 000 0 und d
041
_a
eng
082
_a
823 FOR
100
_a
FORSYTH FREDERICK
245
_a
AFGHAN
260
_c
2006
_a
New Delhi
_b
Corgi Books
300
_a
349 : p. : cm. ; 18
365
_c
BPS
999
_c
3810
_d
3810